| 000 | 00823nam a22002177a 4500 | ||
|---|---|---|---|
| 999 |
_c64520 _d64520 |
||
| 005 | 20240530110736.0 | ||
| 008 | 180715s1989 ua g 000 0 ara d | ||
| 040 |
_aEG-CaGPL _cEG-CaGPL |
||
| 082 | 0 | 4 |
_221 _a189.1 / _bط م |
| 100 | 0 | _aالطبلاوى محمود سعد | |
| 245 | 1 | 0 |
_aموقف ابن تيمية من فلسفة ابن رشد فى العقيدة وعلم الكلام والفلسفة / _cتاليف الطبلاوى محمود سعد |
| 250 | _aط.1 | ||
| 260 |
_aالقاهرة : _bالمؤلف ، _c1989. |
||
| 300 |
_a254 ص. ؛ _c24 سم. |
||
| 600 | 1 | _aابن رشد، ابوالوليد محمد بن احمد | |
| 650 | 0 | 7 |
_2qrmak _aالفلسفة الاسلامية |
| 650 | 0 | 7 |
_2qrmak _aعلم الكلام |
| 651 | _2qrmak | ||
| 942 |
_2ddc _cBK |
||